Materials Scinece and Technology. A Comprehensive Treatment. Volume 2 A : Characterization of Materials. Part 1

Salvato in:
Dettagli Bibliografici
Natura: Libro
Lingua:inglese
Pubblicazione: Weinheim : VCH, 1992
Soggetti:
Tags: Aggiungi Tag
Nessun Tag, puoi essere il primo ad aggiungerne!!

MARC

LEADER 00000nam a22000003a 4500
001 stu44737
005 20150408180428.4
008 950607s1992----gw------------------eng-d
020 |a 3-527-26815-4 
040 |a STU  |b slo 
041 0 |a eng 
044 |a gw 
080 |a 620.18  |7 stu_us_auth*stu8135 
245 |a Materials Scinece and Technology. A Comprehensive Treatment. Volume 2 A :  |b Characterization of Materials. Part 1 
260 |a Weinheim :  |b VCH,  |c 1992 
300 |a 724 s 
650 7 |a materiály  |2 stusub 
650 7 |a charakteristika  |2 stusub 
996 |b 284M053378  |c M*9061/2/A-1  |l MMKN  |s A  |a 24  |w stu44737_0001